Mitigating against climate change in Scotland (Record no. 108956)

MARC details
000 -LEADER
fixed length control field 01130cad a22002175a 4500
001 - CONTROL NUMBER
control field E145884
008 - FIXED-LENGTH DATA ELEMENTS--GENERAL INFORMATION
fixed length control field 081119s2008 xxk f s000 0 eng d
035 ## - SYSTEM CONTROL NUMBER
System control number (Sirsi) u145884
041 0# - LANGUAGE CODE
Language code of text/sound track or separate title eng
050 04 - LIBRARY OF CONGRESS CALL NUMBER
Classification number 333.790941 $2 18
110 2# - MAIN ENTRY--CORPORATE NAME
Corporate name or jurisdiction name as entry element AEA Technology
9 (RLIN) 2666
245 00 - TITLE STATEMENT
Title Mitigating against climate change in Scotland
Remainder of title identification and initial assessment of policy options
Medium [electronic resource]
260 ## - PUBLICATION, DISTRIBUTION, ETC.
Place of publication, distribution, etc. Glengarnock (Ayreshire)
Name of publisher, distributor, etc. AEA Technology
Date of publication, distribution, etc. 2008
520 ## - SUMMARY, ETC.
Summary, etc. The final report for the Scottish Government's project "Mitigating against climate change in Scotland: identification and initial assessment of policy options". Discusses the policy options for achieving climate change objectives, including the Scottish Government's target of reducing emissions by 80% against 1990 levels by the year 2050.
521 ## - TARGET AUDIENCE NOTE
Target audience note Advanced
590 ## - LOCAL NOTE (RLIN)
Local note KA
651 #4 - SUBJECT ADDED ENTRY--GEOGRAPHIC NAME
Geographic name Scotland
Chronological subdivision 1999-
690 ## - LOCAL SUBJECT ADDED ENTRY--TOPICAL TERM (OCLC, RLIN)
Topical term or geographic name as entry element ENVIRONMENTAL AND LAND CONSULTANCY-ENERGY-ENERGY USE-ENERGY CONSERVATION
856 40 - ELECTRONIC LOCATION AND ACCESS
Uniform Resource Identifier <a href="https://www.scotland.gov.uk/Publications/2008/11/13155141/0">https://www.scotland.gov.uk/Publications/2008/11/13155141/0</a>
Public note View the report free of charge at www.scotland.gov.uk...
942 ## - ADDED ENTRY ELEMENTS (KOHA)
Suppress in OPAC 0
Holdings
Withdrawn status Lost status Source of classification or shelving scheme Damaged status Not for loan Home library Current library Shelving location Date acquired Total Checkouts Full call number Barcode Date last seen Copy number Price effective from Koha item type
    Dewey Decimal Classification     Virtual Virtual Online 19/11/2008   ONLINE PUBLICATION 145884-2001 06/08/2019 1 06/08/2019 Book